00261nam a2200109Ia 4500008004100000100002300041245002500064250000900089260003700098300000800135650000800143191201s2007 xx 000 0 und d aKELLER, Kevin Lane 0aMarketing Management a12th c2007bPearson EducationaN.Delhi a621 aMBA